Normal view
MARC view
Entry Topical Term
001 - CONTROL NUMBER
- control field: 23949
003 - CONTROL NUMBER IDENTIFIER
- control field: ARRUPE
005 - DATE AND TIME OF LATEST TRANSACTION
- control field: 20160420145814.0
008 - FIXED-LENGTH DATA ELEMENTS
- fixed length control field: 160420|| aca||aabn | a|a d
040 ## - CATALOGING SOURCE
- Original cataloging agency: ARRUPE
- Transcribing agency: ARRUPE
150 ## - HEADING--TOPICAL TERM
- Topical term or geographic name as entry element: Religious life
- General subdivision: Canon law
670 ## - SOURCE DATA FOUND
- Source citation: Work cat.: (ARRUPE): Kasirye, Kato Andrew 23948, Authority and the power of governance in institutes of consecrated life and societies of Apostolic life, 2002